| 000 | 01016nam a22003015a 4500 | ||
|---|---|---|---|
| 999 |
_c12722 _d12722 |
||
| 003 | EG-ScBUE | ||
| 005 | 20210210104517.0 | ||
| 008 | 090827s2004 ua f 000 p ara d | ||
| 017 | _a2003/21357 | ||
| 020 | _a977305649X | ||
| 040 |
_aEG-ScBUE _bara _erda _cEG-ScBUE _dEG-ScBUE |
||
| 082 | 0 | 4 |
_a892.716 _bع ب د _222 |
| 100 | 1 |
_98685 _aعبده، ياسر، _eمؤلف. |
|
| 245 | 1 | 0 |
_aيطيرون حناجرهم فى الهواء / _cياسر عبده. |
| 250 | _aالطبعة الأولى. | ||
| 264 | 1 |
_aالقاهرة : _bالهيئة العامة لقصور الثقافة، _c2004. |
|
| 300 |
_a112 صفحة ؛ _c16 سم. |
||
| 336 |
_2rdacontent _aنص _btxt |
||
| 337 |
_2rdamedia _aبدون وسيط _bn |
||
| 338 |
_2rdacarrier _aمجلد _bnc |
||
| 490 |
_aإبداعات ؛ _v211 |
||
| 590 | _adoaa mohamed | ||
| 650 | 7 |
_97995 _aالشعر العربي _xدواوين وقصائد. _2BUEsh |
|
| 651 | _2BUEsh | ||
| 653 |
_bARALIT _cAugust2015 |
||
| 655 |
_vReading book _934232 |
||
| 942 |
_2ddc _cBB |
||